000 00575nam a2200145Ia 4500
008 151213s9999 xx 000 0 und d
100 _aওয়াকিল আহমদ
245 _aআধুনিক বাংলা সাহিত্য প্রতিভা: স্বাতন্ত্র বিচার
_cওয়াকিল আহমদ
260 _aঢাকা
_bএশিয়াটিক সোসাইটি
_c1987
300 _a7177 p.
650 _aBangla
650 _aBangla Literature
700 _aওয়াকিল আহমদ
999 _c3816
_d3816